00626nam a2200169Ia 4500003000900000008004100009040001600050080001700066100002300083245015000106260002800256300001600284650001600300942000700316999001500323952011800338IN-BaIIA211028s9999 xx 000 0 eng d cIIA Library a530.1bJAR-3 aJardine, Jim95083 0aPhysics is funbvol. 3, an introductory course for secondary schools in four volumescJim Jardine  aLondonbHeinemannc1966 aviii, 168p. aPhysics973 cBK c2849d2849 00104070aBANbBANcGENd1967-03-30g14.17l0o530.1/ JAR-3p3173r2021-11-05v14.17w1967-03-30yBKGRs. 14.17